Detalles MARC
| 000 -CABECERA |
| campo de control de longitud fija |
01611nam a2200241Ia 4500 |
| 003 - IDENTIFICADOR DEL NÚMERO DE CONTROL |
| campo de control |
AR-RoIUNI |
| 005 - FECHA Y HORA DE LA ÚLTIMA TRANSACCIÓN |
| campo de control |
20160520124000.0 |
| 007 - CAMPO FIJO DE DESCRIPCIÓN FÍSICA--INFORMACIÓN GENERAL |
| campo de control de longitud fija |
ta |
| 008 - DATOS DE LONGITUD FIJA--INFORMACIÓN GENERAL |
| campo de control de longitud fija |
150616s2005 ag r 100 0 spa d |
| 020 ## - NÚMERO INTERNACIONAL ESTÁNDAR DEL LIBRO |
| Número Internacional Estándar del Libro |
9879459792 |
| 040 ## - FUENTE DE LA CATALOGACIÓN |
| Centro/agencia transcriptor |
|
| 080 ## - NÚMERO DE LA CLASIFICACIÓN DECIMAL UNIVERSAL |
| Número de la Clasificación Decimal Universal |
159.9 |
| 111 2# - ENTRADA PRINCIPAL--NOMBRE DE CONGRESO/REUNIÓN |
| Nombre de congreso/reunión o jurisdicción como elemento de entrada |
Jornadas científicas del grito a la palabra: los modos de la sujetividad en los comienzos del siglo XXI |
| Fecha del congreso/reunión |
(4a : 2004 : |
| Sede del congreso/Lugar de la reunión |
Rosario) |
| 245 ## - MENCIÓN DE TÍTULO |
| Título |
IV Jornadas científicas : |
| Resto del título |
del grito a la palabra : los modos de la subjetividaden los comienzos del siglo XXI / |
| Mención de responsabilidad, etc. |
PSIQUE (Asociación para la Asistencia, Formación e Investigación en Psicoanálisis) ; asesor científico Juan Carlos Volnovich |
| 250 ## - MENCIÓN DE EDICIÓN |
| Mención de edición |
1a. ed. |
| 260 ## - PUBLICACIÓN, DISTRIBUCIÓN, ETC. (PIE DE IMPRENTA) |
| Lugar de publicación, distribución, etc. |
Rosario : |
| Nombre del editor, distribuidor, etc. |
Laborde, |
| Fecha de publicación, distribución, etc. |
2005. |
| 300 ## - DESCRIPCIÓN FÍSICA |
| Extensión |
101 p. ; |
| Dimensiones |
21 cm |
| 500 ## - NOTA GENERAL |
| Nota general |
Rosario, 16 de octubre de 2004 |
| 505 1# - NOTA DE CONTENIDO CON FORMATO |
| Título |
Blumberg o la relación paterno filial / |
| Mención de responsabilidad |
Juan Carlos Volnovich -- |
| Título |
Cromañón : las trampas del dolor / |
| Mención de responsabilidad |
Juan Carlos Volnovich -- |
| Título |
De abusos y otras violencias : la memoria devastada / |
| Mención de responsabilidad |
Bettina Calvi -- |
| Título |
Perplejidades, desconciertos y confusiones de una sobreviviente. Cambios en las relaciones familiares en los últimos 20 años / |
| Mención de responsabilidad |
María del Carmen Marini -- |
| Título |
Mujeres : entre la violencia y un Superyo que no perdona / |
| Mención de responsabilidad |
Marta Fernández Boccardo -- |
| Título |
Mujeres vs. estética : cuando el deseo va al quirófano / |
| Mención de responsabilidad |
Dorcas Bressan -- |
| Título |
Apuntes acerca del impacto de las Nuevas Tecnologías en la subjetividad / |
| Mención de responsabilidad |
Noelia Casati -- |
| Título |
Entre desatentos e iluminados, la sanción a la infancia / |
| Mención de responsabilidad |
Alicia Bertaccini. |
| 650 #4 - PUNTO DE ACCESO ADICIONAL DE MATERIA--TÉRMINO DE MATERIA |
| Término de materia o nombre geográfico como elemento inicial |
PSICOLOGÍA |
| 700 1# - PUNTO DE ACCESO ADICIONAL--NOMBRE DE PERSONA |
| Nombre de persona |
Volnovich, Juan Carlos. |
| 942 ## - ELEMENTOS DE PUNTO DE ACCESO ADICIONAL (KOHA) |
| Tipo de ítem Koha |
Libros |
| Fuente del sistema de clasificación o colocación |
Clasificación Decimal Universal |